Agricultural export assistance update quarterly report /

Bibliographic Details
New Title:Export assistance, food aid, and market development programs (online)
Corporate Author: United States. Foreign Agricultural Service
Format: Government Document Microform Journal
Language:English
Published: [Washington] : The Service.
Subjects:
Online Access:https://purl.fdlp.gov/GPO/LPS20936

MARC

Tag First Indicator Second Indicator Subfields
LEADER 00000cas a2200000 a 4500
001 in00001115413
007 he bmb024bbca
008 921202d19uu2001dcuqr p b f0 0eng d
005 20230331144919.4
010 |a sn 93027109  
035 |a (OCoLC)ocm27049667 
035 |a (OCoLC)27049667 
035 |9 AFV2522AM 
035 |a in00001115413 
040 |a IWA  |c IWA  |d GPO  |d IUL  |d GPO  |d DLC  |d MvI  |d UtOrBLW 
042 |a lcd 
043 |a n-us--- 
049 |a UMIC 
074 |a 0076-M (MF) 
086 0 |a A 67.46: 
090 |a HD9001  |b A35x, micro-, fiche 
245 0 0 |a Agricultural export assistance update quarterly report /  |c United States Department of Agriculture, Foreign Agricultural Service. 
264 1 |a [Washington] :  |b The Service. 
300 |a volumes ;  |c 28 cm. 
310 |a Quarterly 
336 |a text  |b txt  |2 rdacontent 
337 |a microform  |b h  |2 rdamedia 
338 |a microfiche  |b he  |2 rdacarrier 
362 1 |a Ceased with Mar. 2001. 
500 |a Description based on: Feb. 1991; title from cover. 
500 |a Paper copies available from: Foreign Agricultural Service, 14th & Independence Ave., SW, Washington, DC 20250. 
530 |a Some issues also available via Internet from the FAS USDA web site. Address as of 7/31/02: http://www.fas.usda.gov/excredits/quarterly/archive.html; current access is available via PURL. 
580 |a Continued by online version. 
533 |a Microfiche.  |m Feb. 1991-<July 1999>  |b Washington, D.C. :  |c Supt. of Docs., U.S. G.P.O.  |e microfiches : negative. 
500 |a Microform. 
650 0 |a Agriculture  |x Economic aspects  |z United States  |v Periodicals. 
650 0 |a Exports  |z United States  |v Periodicals. 
776 1 |c Original  |w (DLC)sn 92023217  |w (OCoLC)25486195 
785 1 0 |t Export assistance, food aid, and market development programs (online)  |w (DLC) 2002230614  |w (OCoLC)50276660 
710 1 |a United States.  |b Foreign Agricultural Service. 
850 |a InU 
856 4 1 |u https://purl.fdlp.gov/GPO/LPS20936  |t 0 
999 |a MARS 
999 f f |i bea93bf6-9dd9-3bf0-9186-3e10b1e069f3  |s 72e6b967-978e-3b6e-9c64-8a6b37fffdce  |t 0 
952 f f |p serial  |a Texas A&M University  |b College Station  |c Sterling C. Evans Library  |d Evans: US Documents Microfiche (3rd floor)  |t 0  |e A 67.46:  |h Superintendent of Documents classification  |i microform -- microfiche  |l 1999:July  |m A14824291696 
952 f f |p serial  |a Texas A&M University  |b College Station  |c Sterling C. Evans Library  |d Evans: US Documents Microfiche (3rd floor)  |t 0  |e A 67.46:  |h Superintendent of Documents classification  |i microform -- microfiche  |k 99:2  |l 1999:May  |m A14824291599 
952 f f |p serial  |a Texas A&M University  |b College Station  |c Sterling C. Evans Library  |d Evans: US Documents Microfiche (3rd floor)  |t 0  |e A 67.46:  |h Superintendent of Documents classification  |i microform -- microfiche  |l 1998:Dec.  |m A14824472006 
952 f f |a Texas A&M University  |b College Station  |c Electronic Resources  |d Available Online  |t 0  |e A 67.46:  |h Superintendent of Documents classification 
998 f f |a A 67.46:  |s 1999:May-1999:July  |t 0  |l Evans: US Documents Microfiche (3rd floor) 
998 f f |a A 67.46:  |t 0  |l Available Online